000 00308nam a2200109Ia 4500
008 220204s9999 xx 000 0 und d
082 _a541.11:547
_bJOH
100 _aJohnson, D A
245 0 _aSome thermodynamic aspects of inorganic chemistry
260 _aCambridge
_bCambridge Univ Press
_c1968
942 _cBK
999 _c28081
_d28081